Ten Chuckling Ducklings / (Record no. 614749)

000 -LEADER
fixed length control field 00458nam a22001457a 4500
020 ## - INTERNATIONAL STANDARD BOOK NUMBER
International Standard Book Number 9780439943451
082 ## - DEWEY DECIMAL CLASSIFICATION NUMBER
Classification number 513.211
100 ## - MAIN ENTRY--PERSONAL NAME
Linkage Crabtree, Sally
Personal name CRA
245 ## - TITLE STATEMENT
Title Ten Chuckling Ducklings /
Statement of responsibility, etc. Sally Crabtree
260 ## - PUBLICATION, DISTRIBUTION, ETC.
Place of publication, distribution, etc. London:
Name of publisher, distributor, etc. Scholastic Children's Books,
Date of publication, distribution, etc. 2007.
300 ## - PHYSICAL DESCRIPTION
Extent 22 p. ;
Other physical details Illustrated by Sally Hobson
563 ## - BINDING INFORMATION
Binding note HB
650 ## - SUBJECT ADDED ENTRY--TOPICAL TERM
Topical term or geographic name entry element Juvenile Nonfiction / Concepts / Counting & Numbers
942 ## - ADDED ENTRY ELEMENTS (KOHA)
Source of classification or shelving scheme
Koha item type Children Section
650 ## - SUBJECT ADDED ENTRY--TOPICAL TERM
-- 130555
Holdings
Withdrawn status Lost status Source of classification or shelving scheme Damaged status Not for loan Permanent Location Current Location Shelving location Date acquired Source of acquisition Full call number Barcode Date last seen Price effective from Koha item type
          Central Library (CL) Central Library (CL) Children Section 09/22/2025 Donated by Children - Summer Camp, 2025. 513.211 CRA CL-CS-15 09/26/2025 09/22/2025 Children Section
© 2023 Central Library, National University of Sciences and Technology. All Rights Reserved.